000 00925nam a2200241 a 4500
001 41308
003 BD-RjUL
005 20211209053349.0
008 160528s1968 bg ||||| |||| 00| 0 ben d
020 _c: IRs 6.00
035 _a(BD-RjUL)41425
040 _aBD-RjUL
_bben
_cBD-RjUL
041 _aben
082 _223
_a398
_bKAL 1968
100 _aকাসিমপুরী, মোহাম্মদ সিরাজুদ্দীন
_9123188
245 1 0 _aলোক-সাহিত্যে ছড়া /
_cমোহাম্মদ সিরাজুদ্দীন কাসিমপুরী
250 _a২য় সং.
260 _aঢাকা :
_bআহমদ পাবলিশিং হাউস,
_c১৯৬৮
300 _a[১২], ১৭৭ পৃ. ;
_c২৩ সেমি.
650 _aলোক সাহিত্য
_9127061
650 _aFolk Literature
_9127062
942 _2ddc
_cBK
999 _c41308
_d41308